[Event "Plunge op-B 41st"]
[Site "Plateliai"]
[Date "2022.07.19"]
[Round "2"]
[White "Jasas, Ignas"]
[Black "Cumacenko, Joris"]
[Result "1-0"]
[WhiteElo "1250"]
[BlackElo "1134"]
[PlyCount "55"]
[EventDate "2022.07.18"]
[EventType "swiss"]
[EventRounds "9"]
[EventCountry "LTU"]
[SourceTitle "CBM 209 Extra"]
[Source "ChessBase"]
[SourceDate "2022.09.30"]
[SourceVersion "1"]
[SourceVersionDate "2022.09.30"]
[SourceQuality "1"]

1. e4 e5 2. Nf3 Nf6 3. d4 Nxe4 4. Bd3 d5 5. Nxe5 Bd6 6. 0-0 0-0 7. Re1 Re8 8. f3 Bxe5 9. dxe5 Nc5 10. Nc3 c6 11. Bf4 Qb6 12. Be3 Nbd7 13. Bd4 Nxe5 14. Kh1 f6 15. Na4 Qb4 16. Nxc5 Qxd4 17. Bxh7+ Kxh7 18. Qxd4 Bf5 19. Nd3 c5 20. Qh4+ Kg8 21. Nxe5 fxe5 22. Qg5 g6 23. g4 Bxc2 24. Rac1 e4 25. Rxc2 exf3 26. Qxg6+ Kf8 27. Rxe8+ Rxe8 28. Qf6+ 1-0

[Event "Taujenai Manor Cup"]
[Site "Taujenai"]
[Date "2021.11.28"]
[Round "9"]
[White "Griksaite, Ruta"]
[Black "Jasas, Ignas"]
[Result "0-1"]
[WhiteElo "1098"]
[BlackElo "1216"]
[PlyCount "134"]
[EventDate "2021.11.27"]
[EventType "swiss (rapid)"]
[EventRounds "9"]
[EventCountry "LTU"]
[SourceTitle "EXT 2023"]
[Source "ChessBase"]
[SourceDate "2022.10.05"]
[SourceVersion "1"]
[SourceVersionDate "2022.10.05"]
[SourceQuality "1"]

1. d4 Nf6 2. Nf3 g6 3. Bf4 d5 4. e3 Bg7 5. h3 Bf5 6. Bd3 e6 7. Qe2 Bxd3 8. Qxd3 0-0 9. 0-0 Qd7 10. c3 Na6 11. Nbd2 Rac8 12. Rac1 c5 13. Rfe1 c4 14. Qc2 b5 15. a3 Nh5 16. Bh2 f5 17. Ne5 Bxe5 18. Bxe5 Nb8 19. f4 Nc6 20. Nf3 Ng3 21. Kh2 Ne4 22. Nd2 Nf2 23. Rf1 Nd3 24. Ra1 a5 25. Nf3 b4 26. axb4 axb4 27. Ne1 Ncxe5 28. fxe5 Nxe1 29. Raxe1 Rb8 30. Rb1 Rb7 31. Qd2 b3 32. Ra1 Qd8 33. Qf2 Rbf7 34. Qg3 Kh8 35. Rf4 g5 36. Rff1 Rg8 37. Qe1 g4 38. Qe2 Qh4 39. Rf4 h5 40. Kh1 Qg5 41. Qf2 gxh3 42. gxh3 Qg3 43. Rf3 Qxf2 44. Rxf2 Rg3 45. Re2 Rxh3+ 46. Kg2 Rh4 47. Kg3 Rg4+ 48. Kh3 Kg7 49. Rg2 Kg6 50. Rxg4+ hxg4+ 51. Kg3 Rh7 52. Ra6 Rh3+ 53. Kg2 Kf7 54. Ra7+ Kg8 55. Ra8+ Kg7 56. Ra7+ Kh6 57. Ra6 Kg5 58. Rxe6 Rxe3 59. Rd6 Re2+ 60. Kg3 Rxb2 61. Rxd5 Rc2 62. Rb5 Rxc3+ 63. Kf2 g3+ 64. Kg2 Kf4 65. e6 Rc2+ 66. Kg1 Kf3 67. e7 Rc1# 0-1

[Event "Panevezys op-C"]
[Site "Panevezys"]
[Date "2021.08.01"]
[Round "7"]
[White "Griksaite, Ruta"]
[Black "Jasas, Ignas"]
[Result "0-1"]
[WhiteElo "1010"]
[BlackElo "1178"]
[PlyCount "64"]
[EventDate "2021.07.30"]
[EventType "swiss"]
[EventRounds "7"]
[EventCountry "LTU"]
[SourceTitle "EXT 2022"]
[Source "ChessBase"]
[SourceDate "2021.10.06"]
[SourceVersion "1"]
[SourceVersionDate "2021.10.06"]
[SourceQuality "1"]

1. d4 Nf6 2. c3 d5 3. Bg5 Bf5 4. e3 h6 5. Bh4 e6 6. f4 Be7 7. Nf3 Nbd7 8. Bd3 Ne4 9. Bxe7 Qxe7 10. Qc2 Nd6 11. Nbd2 0-0 12. Ne5 Bxd3 13. Qxd3 Nxe5 14. fxe5 Nf5 15. 0-0-0 c5 16. Nf3 c4 17. Qc2 Rfb8 18. Qd2 b5 19. g4 Nh4 20. Nxh4 Qxh4 21. Rdg1 a5 22. a3 Qe7 23. Qc2 b4 24. axb4 axb4 25. Kd2 bxc3+ 26. bxc3 Qh4 27. Ke2 Rb3 28. h3 Raa3 29. Rc1 Qg3 30. Rb1 Qg2+ 31. Kd1 Qxh1+ 32. Kd2 Qxb1 0-1

[Event "EU Union-ch U08 17th"]
[Site "Mureck"]
[Date "2019.08.01"]
[Round "2"]
[White "Jasas, Ignas"]
[Black "Klug, Daniel"]
[Result "1-0"]
[WhiteElo "1213"]
[BlackElo "900"]
[PlyCount "37"]
[EventDate "2019.07.31"]
[EventType "swiss"]
[EventRounds "9"]
[EventCountry "AUT"]
[SourceTitle "EXT 2020"]
[Source "ChessBase"]
[SourceDate "2019.10.17"]
[SourceVersion "1"]
[SourceVersionDate "2019.10.17"]
[SourceQuality "1"]

1. e4 e5 2. Nf3 Nc6 3. d4 Bd6 4. d5 Nd4 5. Nxd4 exd4 6. Qxd4 Ne7 7. e5 c5 8. Qf4 Bc7 9. d6 Ba5+ 10. Bd2 Nd5 11. Qc4 Nb6 12. Bxa5 Nxc4 13. Bxd8 Kxd8 14. Bxc4 Re8 15. 0-0 Rxe5 16. Nc3 b6 17. Rfe1 Rg5 18. Bxf7 Bb7 19. Re8# 1-0